01002 2200325 4500001002100000005001500021035002000036007000300056008004100059020001800100082001100118084001500129084001300144100002600157245013700183250001200320300003800332650001700370650002100387650001900408650002500427700002900452700004300481264005200524336002100576337003000597338002300627990001300650990001300663INLIS00000000111952320221026022217 a0010-1022000171ta221026 0 ind  a9786234804683 a346.07 aD PUST4419 aPUST44190 aSri RumaniePengarang1 aAspek Hukum dan Bisnis Informasi :b1-9 / PUST4419 / 3 SKS /cSri Rumani, Nurul Hikmah (Editor), Sri Suharmini Wahyuningsih (Editor) aEdisi 2 a361 halaman :bilustrasi ;c27 cm 4aHukum Dagang 4aBisnis Informasi 4aCommercial Law 4aInformation Business0 aNurul HikmahePenyunting0 aSri Suharmini WahyuningsihePenyunting aTangerang Selatan :bUniversitas Terbuka,c2022 2rdacontentaTeks 2rdamediaaTanpa Perantara 2rdacarrieraVolume a22/30244 a22/90258